Statistiques concernant Les 100 meilleurs chanteurs selon Rolling Stone

Cliquez ici pour prendre le quiz!

Statistiques générales

  • Ce quiz a été pris 459 fois
  • Le résultat moyen est 19 sur 101

Statistiques - réponses

#Chanteur / ChanteuseNé(e) enMort(e) en% Correct
25Michael Jackson19582009
82%
38Elton John1947
78%
3Elvis Presley19351977
72%
5John Lennon19401980
72%
18Freddie Mercury19461991
62%
11 | 76Paul McCartney1942
61%
16Mick Jagger1943
56%
1Aretha Franklin19422018
54%
23David Bowie19472016
51%
30Prince19582016
50%
63Céline Dion1968
45%
2Ray Charles19302004
45%
45Kurt Cobain19671994
44%
7Bob Dylan1941
43%
34Whitney Houston19632012
39%
47Jim Morrison19431971
35%
9Stevie Wonder1950
35%
28Janis Joplin19431970
34%
36Bruce Springsteen1949
33%
10James Brown19332006
32%
19Bob Marley19451981
31%
32Bono1960
30%
15Robert Plant1948
29%
17Tina Turner1939
29%
6Marvin Gaye19391984
28%
41Chuck Berry19262017
26%
79Mariah Carey1970
26%
29Nina Simone19332003
26%
24Van Morrison1945
25%
12Little Richard19322020
24%
83Patti Smith1946
24%
21Johnny Cash19322003
23%
22Etta James19382012
22%
8Otis Redding19411967
21%
43George Jones19312013
19%
37Neil Young1945
19%
64Axl Rose1962
18%
96B.B. King19252015
18%
86Art Garfunkel1941
17%
27Hank Williams19231953
16%
67Jerry Lee Lewis1935
16%
99Steven Tyler1948
16%
62Lou Reed19422013
15%
75Iggy Pop1947
14%
4Sam Cooke19311964
14%
48Buddy Holly19361959
13%
97Joe Cocker19442014
13%
61Roger Daltrey1944
13%
52Brian Wilson1942
12%
74James Taylor1948
12%
58Christina Aguilera1980
11%
73Dolly Parton1946
10%
26Jackie Wilson19341984
10%
39Jeff Buckley19661997
10%
53Muddy Waters19131983
10%
59Rod Stewart1945
10%
13Roy Orbison19361988
10%
42Joni Mitchell1943
9%
14Al Green1946
8%
66Thom Yorke1968
8%
93Annie Lennox1954
7%
35Dusty Springfield19391999
6%
78Sly Stone1943
6%
92Steven Patrick Morrissey1959
6%
98Stevie Nicks1948
6%
60Björk1965
5%
40Curtis Mayfield19421999
5%
55Paul Rodgers1949
5%
20Smokey Robinson1940
5%
88Willie Nelson1933
5%
84Darlene Love1941
4%
57Eric Burdon1941
4%
70Gregg Allman19472017
4%
81John Lee Hooker19172001
4%
100Mary J. Blige1971
4%
85Sam Moore1935
4%
82Tom Waits1949
4%
50Bonnie Raitt1949
3%
90Don Everly1937
3%
72John Fogerty1945
3%
95Patti LaBelle1944
3%
90Phil Everly19392014
3%
87Don Henley1947
2%
49Donny Hathaway19451979
2%
80Frankie Valli1934
2%
51Gladys Knight1944
2%
31Howlin' Wolf19101976
2%
94Karen Carpenter19501983
2%
91Levon Helm19402012
2%
54Luther Vandross19512005
2%
56Mavis Staples1939
2%
46Patsy Cline19321963
2%
69Ronnie Spector1943
2%
89Solomon Burke19402010
2%
33Steve Winwood1948
2%
71Toots Hibbert1942
2%
68Wilson Pickett19412006
2%
44Bobby Blue Bland19302013
1%
65David Ruffin19411991
1%
77Merle Haggard19372016
1%

Distribution des résultats

Percentile par nombre de réponses

% des personnes avec chaque résultat

Votre développement - résultats

Vous n’avez pas pris ce quiz